Bon anniversaire Loulou !! - Statistiques

Statistiques générales
  • Ce quiz a été pris 2 fois
  • Le résultat moyen est 3 sur 192
Statistiques - réponses
Hint Réponse % Correct
Bénin Bric-à-broc
100%
Bhoutan Dragon !
50%
Rwanda Soleil
50%
Chili Texas
50%
Liberia USA avec une seule étoile
50%
États-Unis 50 étoiles et treize bandes
0%
Mexique Aigle et serpent
0%
Guinée-équatoriale Arbre
0%
Seychelles Arc-en-ciel
0%
Russie Bandes horizontales blanc bleu rouge
0%
Slovaquie Bandes horizontales blanc bleu rouge avec écusson de croix excentré
0%
Slovénie Bandes horizontales blanc bleu rouge avec écusson de montagne en haut à gauche
0%
Bulgarie Bandes horizontales blanc vert rouge
0%
Honduras Bandes horizontales bleu blanc bleu avec cinq étoiles bleues
0%
Paraguay Bandes horizontales bleu blanc rouge avec écusson
0%
Costa Rica Bandes horizontales bleu blanc rouge blanc bleu
0%
Ouzbékistan Bandes horizontales bleu blanc vert avec croissant et étoiles en haut à gauche
0%
République Centrafricaine Bandes horizontales bleu blanc vert jaune barré d'une bande verticale rouge et étoile jaune en haut à gauche
0%
Grèce Bandes horizontales bleues et blanches et croix blanche
0%
Ukraine Bandes horizontales bleu et jaune
0%
Liechtenstein Bandes horizontales bleu et rouge avec couronne jaune en haut à gauche
0%
Estonie Bandes horizontales bleu noir blanc
0%
Cambodge Bandes horizontales bleu rouge bleu avec temple non dessiné
0%
Azerbaïdjan Bandes horizontales bleu rouge vert avec croissant et étoile
0%
Djibouti Bandes horizontales bleu vert, triangle blanc agrémenté d'une étoile rouge
0%
Comores Bandes horizontales jaune blanc rouge bleu avec un triangle vert agrémenté d'un croissant et de quatre étoiles
0%
Colombie Bandes horizontales jaune bleu rouge
0%
Venezuela Bandes horizontales jaune bleu rouge avec des étoiles
0%
Équateur Bandes horizontales jaune bleu rouge avec écusson
0%
Lituanie Bandes horizontales jaune vert rouge
0%
Allemagne Bandes horizontales noir rouge jaune
0%
Inde Bandes horizontales orange blanc vert avec fleur de lotus
0%
Niger Bandes horizontales orange blanc vert avec rond orange
0%
Luxembourg Bandes horizontales rouge blanc bleu
0%
Pays-Bas Bandes horizontales rouge blanc bleu
0%
Thailande Bandes horizontales rouge blanc bleu blanc rouge
0%
Gambie Bandes horizontales rouge blanc bleu blanc vert
0%
Croatie Bandes horizontales rouge blanc bleu et écusson à damier
0%
Yémen Bandes horizontales rouge blanc noir
0%
Égypte Bandes horizontales rouge blanc noir avec aigle jaune
0%
Syrie Bandes horizontales rouge blanc noir avec deux étoiles vertes
0%
Irak Bandes horizontales rouge blanc noir avec écriture arabe
0%
Autriche Bandes horizontales rouge blanc rouge
0%
Lettonie Bandes horizontales rouge blanc rouge
0%
Liban Bandes horizontales rouge blanc rouge avec un cèdre vert
0%
Hongrie Bandes horizontales rouge blanc vert
0%
Serbie Bandes horizontales rouge bleu blanc avec écusson excentré d'un double aigle couronné
0%
Maurice Bandes horizontales rouge bleu jaune vert
0%
Arménie Bandes horizontales rouge bleu orange
0%
Laos Bandes horizontales rouge bleu rouge avec rond blanc
0%
Bolivie Bandes horizontales rouge jaune vert
0%
Ghana Bandes horizontales rouge jaune vert et étoile noire
0%
Libye Bandes horizontales rouge noir vert avec croissant et étoile blanc
0%
Mauritanie Bandes horizontales rouge vert rouge avec croissant et étoile jaune
0%
Sierra Leone Bandes horizontales vert blanc bleu
0%
Iran Bandes horizontales vert blanc rouge avec écusson
0%
Suriname Bandes horizontales vert blanc rouge blanc vert avec étoile jaune
0%
Gabon Bandes horizontales vert jaune bleu
0%
Éthiopie Bandes horizontales vert jaune rouge et étoile de David
0%
Malte Bandes verticales blanc et rouge avec croix en haut à gauche
0%
Pakistan Bandes verticales blanc et vert, croissant et étoile blanc
0%
Roumanie Bandes verticales bleu jaune rouge
0%
Tchad Bandes verticales bleu jaune rouge
0%
Moldavie Bandes verticales bleu jaune rouge avec aigle
0%
Côte d'Ivoire Bandes verticales orange blanc vert
0%
Pérou Bandes verticales rouge blanc rouge
0%
Canada Bandes verticales rouge blanc rouge avec feuille d'érable
0%
Mongolie Bandes verticales rouge bleu rouge avec truc chinois jaune à gauche
0%
Irlande Bandes verticales vert blanc orange
0%
Nigeria Bandes verticales vert blanc vert
0%
Mali Bandes verticales vert jaune rouge
0%
Sénégal Bandes verticales vert jaune rouge avec étoile verte
0%
Cameroun Bandes verticales vert rouge jaune avec étoile jaune
0%
Palaos Bangladesh en plus chaleureux
0%
Japon Bangladesh mais en bien fait
0%
Grenade Beau
0%
Madagascar Bénin
0%
France Beurk
0%
Pologne Blanc et rouge
0%
Argentine Bleu blanc bleu avec un soleil
0%
Kenya Bouclier et lances
0%
Corée du Nord Cambodge mais avec une étoile
0%
Haïti Canons
0%
Portugal Châteaux
0%
Chypre Chypre
0%
Kiribati Classe auditoires du Sud, tu te souviens ?
0%
Vatican Clés
0%
Antigua-et-barbuda Collage fait par un enfant
0%
Arabie Saoudite Comme Afghanistan mais en vert avec une épée
0%
Andorre Comme la Roumanie avec un blason au milieu
0%
Cuba Costa Rica et Corée du Nord
0%
Cap-Vert Costa Rica et Union Européenne
0%
Trinité-et-Tobago Couleurs nazi
0%
Tadjikistan Couronne
0%
Maldives Croissant blanc sur rectangle vert sur rectangle rouge
0%
Turquie Croissant et étoile blanche sur fond rouge
0%
Tunisie Croissant et étoile rouge dans rond blanc sur fond rouge
0%
Suisse Croix-Rouge
0%
Tonga Croix rouge dans un carré blanc en haut à gauche sur fond rouge
0%
Qatar Dents de crocodile blanc et rouge
0%
Bahreïn Dents de crocodile blanche et rouge
0%
Afrique du Sud Des triangles et des couleurs
0%
Saint-Lucie Des triangles sur fond bleu
0%
Belize Deux hommes à moitié à poil l'un avec une hache l'autre avec une crosse de cricket
0%
République du Congo Deux triangles vert et rouge traversé par bande diagonale jaune
0%
République Dominicaine Dios Patria Libertad
0%
Monténégro Double aigle jaune sur fond rouge
0%
Burundi Dragon Ball avec triangles rouge et vert
0%
Birmanie Drapeau africain mais en fait non
0%
Italie Emma de la Mama !
0%
Vanuatu Escargot
0%
Îles Marshall Étoile
0%
Nauru Étoile
0%
Timor oriental Étoile blanche dans un triangle noir dans un triangle jaune sur fond rouge
0%
Somalie Étoile blanche sur fond bleu
0%
Vietnam Étoile jaune sur fond rouge
0%
Micronésie Étoiles
0%
Saint-Christophe-et-Néviès Étoiles
0%
Salomon Étoiles
0%
Samoa Étoiles
0%
Tuvalu Étoiles
0%
Maroc Étoile verte sur fond rouge
0%
Bosnie-Herzégovine Euh, des étoiles, un triangle, du bleu
0%
Népal Euuuuuh
0%
Eswatini Flèches
0%
Mozambique Flingue
0%
Afghanistan Fond blanc avec écriture arabe
0%
Corée du Sud Fond blanc briques yin et yang
0%
FInlande Fond blanc croix scandinave bleue
0%
République Démocratique du Congo Fond bleu bande diagonale rouge et jaune étoile jaune en haut à gauche
0%
Suède Fond bleu croix scandinave jaune
0%
Islande Fond bleu croix scandinave rouge bordée de blanc
0%
Nouvelle-Zélande Fond bleu, Union Jack, quatre étoiles
0%
Albanie Fond rouge avec aigle noir
0%
Danemark Fond rouge croix scandinave blanche
0%
Norvège Fond rouge croix scandinave bleue bordée de blanc
0%
Chine Fond rouge une grosse étoile et quatre petites étoiles jaunes en haut à gauche
0%
Uruguay Grèce avec un soleil à la place de la croix
0%
Soudan du Sud Kenya - Dessin + Polynésie
0%
Belgique Le roi la loi la liberté
0%
Togo Liberia avec moins de bandes et d'autres couleurs
0%
Malaisie Liberia avec un croissant à côté de l'étoile
0%
Saint-Marin Libertas
0%
Sri Lanka Lion avec une épée
0%
Espagne Lion rose
0%
Zambie Moche
0%
Salvador Nicaragua avec un symbole illuminati
0%
Zimbabwe Oiseau
0%
Papouasie-Nouvelle-Guinée Oiseau du Paradis
0%
Palestine Palestine
0%
Soudan Palestine
0%
Jordanie Palestine avec une étoile blanche dans le triangle rouge
0%
Émirats arabes unis Palestine avec un triangle
0%
Koweït Palestine mais le triangle est un trapèze
0%
Dominique Perroquet
0%
Sao-Tomé-et-Principe Pffff
0%
Ouganda Poulet
0%
Géorgie Quatre petites croix rouges sur fond blanc et grande croix rouge
0%
Israël Rabbi Jacob
0%
Lesotho Râpe à fromage
0%
Bangladesh Rond rouge mal centré sur fond vert
0%
Indonésie Rouge et blanc
0%
Monaco Rouge et blanc
0%
Singapour Rouge et blanc avec croissant et étoiles blanches en haut à gauche
0%
Angola Rouge et noir avec machette rouage et étoile jaune
0%
Burkina Faso Rouge et vert avec étoile jaune
0%
Botswana Route au milieu de la mer
0%
Oman Sabres
0%
Tanzanie Saint-Christophe-et-Néviès
0%
Saint-Vincent-et-les-Grenadines Saint-Vincent <3
0%
Nicaragua Salvador avec symbole psychédélique
0%
Malawi Soleil
0%
Namibie Soleil
0%
Philippines Soleil
0%
Macédoine du nord Soleil jaune sur fond rouge
0%
Brunei Tableau de Dali
0%
Turkménistan Tapisserie de grand-mère musulmane
0%
Biélorussie Tapisserie de grand-mère rouge et verte
0%
Panama Texas x2
0%
Tchéquie Triangle bleu bandes horizontales blanc et rouge
0%
Bahamas Triangle noir bandes horizontales bleu jaune bleu
0%
Guyana Triangle rouge, triangle jaune, deux triangles vert
0%
Érythrée Triangles vert rouge bleu avec écusson jaune
0%
Barbade Trident de Poséidon sur fond de bandes verticales bleu jaune bleu
0%
Jamaïque Tu veux d'la weed man ?
0%
Kazakhstan Un aigle portant le soleil sur ses ailes
0%
Royaume-Uni Union Jack
0%
Australie Union Jack avec une constellation
0%
Fidji Union Jack et écusson moche
0%
Algérie Vert et blanc croissant et étoile rouge
0%
Brésil Voute céleste dans un losange jaune dans un rectangle vert
0%
Kirghizistan X-box
0%
Aucun quiz correspondant
Distribution des résultats
% des personnes avec chaque résultat
Percentile par nombre de réponses
Votre historique - résultats
Vous n’avez pas pris ce quiz